Währungsreform in der Tschechoslowakei und in Sowjet-Rußland : Geschichte der Stabilisierungsversuche, Hrsg. Von Melchior Palyi, Vierter Teil. Deutsche Zahlungsbilanz und Stabilisierungsfrage, Im Auftrage des Vereins Veranstaltet Von Karl Diehl - Felix Somary. (Schriften des Vereins Für Sozialpolitik 165-IV).

Bibliographic Details
Main Author: Somary, Felix.
Other Authors: Palyi, Melchior., Diehl, Karl., Amonn, Alfred., Bernatzky, Michael von.
Format: eBook
Language:German
Published: Berlin : Duncker & Humblot, 2015.
Edition:1st ed.
Series:Duncker and Humblot Reprints Series
Subjects:
Online Access:Click to View
LEADER 02286nam a22004333i 4500
001 EBC7101404
003 MiAaPQ
005 20240729202204.0
006 m o d |
007 cr cnu||||||||
008 240729s2015 xx o ||||0 ger d
020 |a 9783428574919  |q (electronic bk.) 
020 |z 9783428174911 
035 |a (MiAaPQ)EBC7101404 
035 |a (Au-PeEL)EBL7101404 
035 |a (OCoLC)1347026509 
040 |a MiAaPQ  |b eng  |e rda  |e pn  |c MiAaPQ  |d MiAaPQ 
100 1 |a Somary, Felix. 
245 1 0 |a Währungsreform in der Tschechoslowakei und in Sowjet-Rußland :  |b Geschichte der Stabilisierungsversuche, Hrsg. Von Melchior Palyi, Vierter Teil. Deutsche Zahlungsbilanz und Stabilisierungsfrage, Im Auftrage des Vereins Veranstaltet Von Karl Diehl - Felix Somary. (Schriften des Vereins Für Sozialpolitik 165-IV). 
250 |a 1st ed. 
264 1 |a Berlin :  |b Duncker & Humblot,  |c 2015. 
264 4 |c {copy}1924. 
300 |a 1 online resource (81 pages) 
336 |a text  |b txt  |2 rdacontent 
337 |a computer  |b c  |2 rdamedia 
338 |a online resource  |b cr  |2 rdacarrier 
490 1 |a Duncker and Humblot Reprints Series 
505 0 |a Intro -- Inhalt -- Die tschechoslowakische Währung und Währungspolitik. Von Prof. A. Amonn (Prag) -- Der Zusammenbruch der russischen Währung und die Aussichten aus ihre Wiederherstellung. Von Prof. M. v. Bernatzky, Staatsminister a. D. Übersetzt von Edgar Thal -- I. -- II. -- III. -- IV. -- V. -- VI. -- VII. -- VIII. -- Nachtrag. 
588 |a Description based on publisher supplied metadata and other sources. 
590 |a Electronic reproduction. Ann Arbor, Michigan : ProQuest Ebook Central, 2024. Available via World Wide Web. Access may be limited to ProQuest Ebook Central affiliated libraries.  
655 4 |a Electronic books. 
700 1 |a Palyi, Melchior. 
700 1 |a Diehl, Karl. 
700 1 |a Amonn, Alfred. 
700 1 |a Bernatzky, Michael von. 
776 0 8 |i Print version:  |a Somary, Felix  |t Währungsreform in der Tschechoslowakei und in Sowjet-Rußland  |d Berlin : Duncker & Humblot,c2015  |z 9783428174911 
797 2 |a ProQuest (Firm) 
830 0 |a Duncker and Humblot Reprints Series 
856 4 0 |u https://ebookcentral.proquest.com/lib/matrademy/detail.action?docID=7101404  |z Click to View